[Event "OMA-ch"]
[Site "Muscat"]
[Date "2022.02.13"]
[Round "5"]
[White "Al Zaabi, Faras"]
[Black "Al Hooti, Mansoor"]
[Result "1-0"]
[WhiteElo "1529"]
[BlackElo "1259"]
[PlyCount "57"]
[EventDate "2022.02.10"]
[EventType "swiss"]
[EventRounds "9"]
[EventCountry "OMN"]
[SourceTitle "EXT 2023"]
[Source "ChessBase"]
[SourceDate "2022.10.05"]
[SourceVersion "1"]
[SourceVersionDate "2022.10.05"]
[SourceQuality "1"]

1. e4 c6 2. d4 d5 3. exd5 cxd5 4. Bd3 Nc6 5. c3 Nf6 6. Bf4 Bg4 7. Qb3 Qd7 8. Nd2 e6 9. Ngf3 Be7 10. h3 Bh5 11. 0-0 0-0 12. Rae1 a6 13. Ne5 Nxe5 14. Bxe5 Rac8 15. f4 Bg6 16. Bxg6 fxg6 17. Bxf6 Rxf6 18. g3 Rcf8 19. Nf3 e5 20. dxe5 Qxh3 21. exf6 Bc5+ 22. Nd4 Qxg3+ 23. Kh1 Qh3+ 24. Kg1 Bxd4+ 25. cxd4 Qg4+ 26. Kh2 Qh4+ 27. Qh3 Qxf6 28. Qe6+ Qxe6 29. Rxe6 1-0